| 000 | 00912cam a2200229 a 4500 | ||
|---|---|---|---|
| 001 | 000025968 | ||
| 005 | 20200930024206.0 | ||
| 008 | 901219s1969 sp 000 | spa d | ||
| 040 |
_aDO-SdBNP _bspa _cBNPHU |
||
| 082 |
_aNNN _bC146t |
||
| 100 | 1 |
_aCalderon de la Barca, Pedro _d1600-1681 _95547 |
|
| 245 | 1 | 0 |
_aTragedias / _cPedro Calderon de la Barca; edicion e introducción Francisco Ruiz Ramón. |
| 260 |
_aMadrid : _bAlianza , _c1969. |
||
| 300 |
_a3 v. ; _c19 cm. |
||
| 490 | 1 |
_aEl Libro de bolsillo _aclásicos _v204 |
|
| 500 | _aIncluye refencias bibliográficas y notas | ||
| 500 | _aIncluye contenidos del tomo del tomo III La devoción de la cruz ; El mágico prodigioso ; Los cabellos de Absalón ; La cisma de Inglatera | ||
| 500 | _aLa biblioteca posee el volumen 3 | ||
| 700 | 1 |
_aRuiz Ramón, Francisco _eed. _925406 |
|
| 830 | 0 |
_aEl Libro de bolsillo ; _pclásicos _v204 _945775 |
|
| 049 | _aBNGR | ||
| 999 |
_c25460 _d25460 |
||